東海道新幹線の駅の略号 - Statistics

General Stats
  • This quiz has been taken 153 times
  • The average score is 13 of 17
Answer Stats
∨∧ 駅名 電報略号 % Correct
2 品川 シナ
100%
1 東京 トウ
99%
3 新横浜 シヨ
93%
5 熱海 アタ
89%
6 三島 ミシ
89%
11 豊橋 トヨ
86%
7 新富士 シフ
84%
9 掛川 カケ
84%
17 新大阪 シオ
84%
15 米原 マイ
83%
10 浜松 ハツ
76%
16 京都 キト
75%
4 小田原 オタ
72%
13 名古屋 ナコ
71%
14 岐阜羽島 ハシ
68%
12 三河安城 ミワ
50%
8 静岡 シツ
18%
No matching quizzes found
Score Distribution
Percent of People with Each Score
Percentile by Number Answered
Your Score History
You have not taken this quiz